000 01728aam a2200325 i 4500
001 768714001
003 CO-MdFUSB
005 20240115151118.0
007 ta
008 231030t20122012spa||||g |||| 00| 0 spa d
020 _a9788433997517
040 _aCO-MdFUSB
_bspa
_cCO-MdFUSB
_dCO-MdFUSBC
_erda
041 _aspa
082 _223
_a863.6
_bP977
100 _aPuértolas, Soledad,
_eautor
245 _aMi amor en vano
_c/ Soledad Puértolas
250 _aPrimera edición
264 1 _aBarcelona, España :
_bAnagrama,
_c[2012]
264 4 _c©2012
300 _a225 páginas
_c; 22 cm
336 _2rdacontent
_atexto
_btxt
337 _2rdamedia
_asin mediación
_bn
338 _2rdacarrier
_avolumen
_bnc
520 _aEsteban, un joven que sobrevive a un accidente de tráfico, debe plantearse la vida de una forma nueva. Se desvincula de su vida anterior y se va a vivir solo a un barrio distinto. En el nuevo contexto, el Centro de Rehabilitación al que acude diariamente será el principal referente. Entre los vecinos de su nueva vivienda, una familia compuesta por Dayana, una mujer madura que ha sido actriz, cantante y modelo de artistas, Eugenio, su marido, alcohólico y periodista deportivo, y su hija Violeta, va acercándose más y más a él. Y también Teresa, una mujer asidua del Centro de Rehabilitación, irrumpe en su mundo. Esteban atisba vidas rotas, vidas gastadas que aun sueñan con rehacerse, con recuperar los sueños, con mantener algo. La pasión ocupa un importante lugar. Sueños, ambiciones, traiciones, infidelidades conyugales, luces y sombras.
563 _aRústico.
650 7 _aLiteratura española
_2embne
_97089
653 _aNovela
942 _cBK
945 _asor1564
999 _c69229
_d69229